La Via Appia: a l'epoque romaine et de nos jours. Histoire et description

Saved in:
Bibliografiske detaljer
Hovedforfatter: Ripostelli, J (Author)
Andre forfattere: Marucchi, Horace (autor)
Format: Bog
Sprog:fransk
Udgivet: Roma Desclée et Cie 1908
Udgivelse:2a. ed
Fag:
Tags: Tilføj Tag
Ingen Tags, Vær først til at tagge denne postø!

MARC

LEADER 00000cam a2200000 a 4500
001 UCD2708
003 CL-VaPUC
008 160505e19080000it |||||||||||||||||fre|d
082 0 4 |a 937.06  |b RIP  |2 21 
100 0 |a Ripostelli, J  |e author  |9 586064 
700 |a Marucchi, Horace  |e autor  |9 586066 
245 1 3 |a La Via Appia: a l'epoque romaine et de nos jours. Histoire et description 
250 |a 2a. ed 
300 |a 440 p 
942 |c BK 
945 |d 20160505 16:04:00  |a dcastane 
260 |a Roma  |b Desclée et Cie  |c 1908 
650 0 |a Historia de Roma   |9 315349 
650 7 |a HISTORIA DE ROMA ANTIGUA  |2 CL-VaPUC  |9 541459 
583 |a last modification  |c 20160505 16:04:00  |k Rodrigo Vera 
999 |c 363830  |d 363828 
952 |0 0  |1 0  |3 erd  |4 0  |6 937_060000000000000_RIP_1908  |7 0  |8 X  |9 476630  |a BIBTEO  |b BIBTEO  |c TEO_FFR  |i 5231620  |o 937.06 RIP 1908  |p 5231620  |r 2024-01-18  |w 2019-11-24  |y BK_X  |z Catalogado en:20160505  |k OFM